| 000 | 01278nam a2200373 i 4500 | ||
|---|---|---|---|
| 001 | 2121 | ||
| 003 | KOSZ 005 | ||
| 005 | 20210204105800.0 | ||
| 008 | 020718s1978 pl a f |001 0 pol | ||
| 015 | _aPB 1978/10152 | ||
| 035 | _a(OCoLC)831034829 | ||
| 040 |
_aWA N _cKOSZ 005/HR _dKOSZ 005/HR |
||
| 080 | _a628.1/.2(1-22) | ||
| 080 | _a(075.8) | ||
| 100 | 1 |
_aWierzbicki, Jan _d(1896-1977) _eAutor |
|
| 245 | 1 | 0 |
_aZaopatrzenie w wodę i kanalizacja osiedli wiejskich / _cJan Wierzbicki, Adam Szpindor. |
| 250 | _aWyd. 5 przer. i uzup. | ||
| 260 |
_aWarszawa : _b"Arkady", _c1978. |
||
| 300 |
_a527, [1] s., 1 k. tabl. : _bil., tab., wykr. ; _c25 cm. |
||
| 380 | _aKsiążki. | ||
| 388 | _a1901-2000 | ||
| 500 | _aWyd. poprz. pod hasłem : Wierzbicki Jan. | ||
| 504 | _aBibliogr., wykaz aktów prawnych i norm. Indeks. | ||
| 658 | _aInżynieria i technika | ||
| 655 | 4 | _aPodręczniki akademickie | |
| 650 | 4 | _aKanalizacja | |
| 650 | 4 | _aWodociąg | |
| 650 | 4 | _aHigiena | |
| 650 | 4 | _aWsie | |
| 700 | 1 |
_aSzpindor, Adam _d(1924-2001) _eAutor |
|
| 710 | 2 |
_aWydawnictwo "Arkady". _4pbl. |
|
| 856 |
_uhttp://koha.tu.koszalin.pl/cgi-bin/koha/opac-detail.pl?biblionumber=2121 _yKatalog online BPK |
||
| 942 |
_2UKD _cKS |
||
| 999 |
_c2121 _d2121 |
||